000 01416cam a2200277 4500
001 ABS64876
008 020114n2001 000 0 eng u
035 _a(Sirsi) u116279
100 _aCooper, M
245 2 _aA distinct lack of cold feet
260 _c2001
490 _aEstates Gazette
_v(0201) 5 January 2001, 47-51(5)
520 _aPresents the findings of the Estates Gazette/Insignia Financial Services survey of 50 major UK property investors. Respondents included property company directors, insurance company and pension fund managers, and private individual investors in charge of property worth over £25bn. The survey found that the majority of property investors are confident about UK market prospects for 2002 and for the next five years. Respondents also commented on the impact of upward-only rent review proposals on the property market,European operations and the Euro,and factors likely to push forward change in the property market over the next five years. Graphs. Charts.
590 _aABS
650 _aUPWARD ONLY RENT REVIEWS
650 _aPROPERTY INVESTMENT
650 _aINVESTMENT MARKET
650 _aPROPERTY MARKET
650 _aSURVEY
650 _aPROPERTY INVESTORS
650 _aEUROPE
650 _aEURO
650 _aMANAGEMENT-BUSINESS MANAGEMENT
690 _aPROPERTY-COMMERCIAL PROPERTY-COMMERCIAL PROPERTY FINANCE AND INVESTMENT
942 _n0
999 _c69267
_d69267